| 000 | 00358nam a2200157Ia 4500 | ||
|---|---|---|---|
| 003 | OSt | ||
| 008 | 191201s2004 xx 000 0 und d | ||
| 082 |
_a621.4022 _bPIS |
||
| 100 | _aPITTS, Donald | ||
| 245 | 0 | _aSchaum's Outlines Heat Transfer | |
| 250 | _a2nd | ||
| 260 |
_aNew Delhi _bTMH _c2004 |
||
| 300 | _a365 | ||
| 650 | _aB.Tech(ME) | ||
| 942 |
_2ddc _cBK |
||
| 999 |
_c2029 _d2029 |
||